[Event "CRO-chT1B 26th"]
[Site "Mali Losinj"]
[Date "2017.10.05"]
[Round "8.54"]
[White "Sertic, Rudolf"]
[Black "Stipic, Marko"]
[Result "1-0"]
[WhiteElo "2382"]
[BlackElo "2167"]
[PlyCount "135"]
[EventDate "2017.09.28"]
[EventType "team-tourn"]
[EventRounds "9"]
[EventCountry "CRO"]
[SourceTitle "EXT 2018"]
[Source "ChessBase"]
[SourceDate "2017.10.13"]
[SourceVersion "1"]
[SourceVersionDate "2017.10.13"]
[SourceQuality "1"]
[WhiteTeam "Djakovo Limmont"]
[BlackTeam "Zadar"]
[WhiteTeamCountry "CRO"]
[BlackTeamCountry "CRO"]

1. d4 d6 2. Nf3 Bg4 3. e4 Nf6 4. Nc3 e6 5. d5 e5 6. h3 Bd7 7. a4 g6 8. Bg5 Be7 9. Qd2 0-0 10. Bc4 a6 11. a5 Qe8 12. g4 Kh8 13. Ng1 Ng8 14. f3 f5 15. Be3 Bf6 16. 0-0-0 Qd8 17. Nge2 f4 18. Bg1 Bh4 19. Kb1 Nh6 20. Nc1 Nf7 21. Be2 Qc8 22. Nb3 Be8 23. Na2 h6 24. Rc1 c5 25. dxc6 bxc6 26. Bc4 Be7 27. h4 Kg7 28. Nc3 Nd8 29. Na4 Nd7 30. g5 Rh8 31. gxh6+ Rxh6 32. Bf2 Bf7 33. Bxf7 Nxf7 34. Rcg1 Rb8 35. Rg2 Qb7 36. Be1 Rbh8 37. Rgh2 Qb5 38. Nc3 Qc4 39. Qg2 Kf6 40. Nc1 Nc5 41. b3 Qe6 42. Bf2 Nb7 43. Qf1 Ra8 44. Bb6 Kg7 45. Na4 Bd8 46. Qe1 Bxb6 47. axb6 a5 48. Nd3 Rah8 49. Qc3 Qc8 50. Nxf4 g5 51. Ng2 Rh5 52. Ne3 c5 53. Nf5+ Kf8 54. Qc4 gxh4 55. Rxh4 Rxh4 56. Rxh4 Rxh4 57. Nxh4 Nfd8 58. Nf5 Qe6 59. Qb5 Qe8 60. Qf1 Qh5 61. f4 Qf7 62. fxe5 dxe5 63. Qh3 Qf6 64. Nc3 Nf7 65. Nd5 Qg5 66. Kb2 Ke8 67. Ng7+ Qxg7 68. Nc7+ 1-0

[Event "Zadar op-B 23rd"]
[Site "Zadar"]
[Date "2016.12.13"]
[Round "4"]
[White "Stipic, Marko"]
[Black "Medancic, Rikard"]
[Result "1/2-1/2"]
[WhiteElo "2152"]
[BlackElo "2267"]
[PlyCount "49"]
[EventDate "2016.12.11"]
[EventType "swiss"]
[EventRounds "9"]
[EventCountry "CRO"]
[SourceTitle "CBM 176 Extra"]
[Source "ChessBase"]
[SourceDate "2017.03.02"]
[SourceVersion "1"]
[SourceVersionDate "2017.03.02"]
[SourceQuality "1"]

1. g3 f5 2. d4 d5 3. Nf3 Nf6 4. Bg2 e6 5. 0-0 Bd6 6. c4 c6 7. b3 0-0 8. Ba3 Bxa3 9. Nxa3 Bd7 10. Nc2 Be8 11. Ne5 Nbd7 12. Nxd7 Qxd7 13. Ne1 Bh5 14. Qc2 Kh8 15. e3 g5 16. Nd3 Qg7 17. cxd5 exd5 18. f4 Rae8 19. Rae1 Ne4 20. Ne5 gxf4 21. gxf4 Rg8 22. Kh1 Re6 23. Bxe4 dxe4 24. Rg1 Bg4 25. Rg3 1/2-1/2

[Event "Zadar op-B 23rd"]
[Site "Zadar"]
[Date "2016.12.12"]
[Round "2"]
[White "Stipic, Marko"]
[Black "Miskovic, Bozo"]
[Result "1-0"]
[WhiteElo "2152"]
[BlackElo "1997"]
[PlyCount "81"]
[EventDate "2016.12.11"]
[EventType "swiss"]
[EventRounds "9"]
[EventCountry "CRO"]
[SourceTitle "CBM 176 Extra"]
[Source "ChessBase"]
[SourceDate "2017.03.02"]
[SourceVersion "1"]
[SourceVersionDate "2017.03.02"]
[SourceQuality "1"]

1. c4 e5 2. Nc3 Nc6 3. g3 Nf6 4. Bg2 Be7 5. Nf3 d6 6. d4 a6 7. 0-0 0-0 8. d5 Nb8 9. e4 Ne8 10. c5 Bg4 11. cxd6 cxd6 12. h3 Bc8 13. a4 b6 14. Be3 Nd7 15. b4 Rb8 16. Qc2 Rb7 17. Rfc1 Rc7 18. Qd3 Bb7 19. h4 h6 20. Bh3 Nef6 21. Nd2 Qb8 22. Nc4 Bc8 23. Kh2 h5 24. f3 Rd8 25. Rab1 Qb7 26. a5 b5 27. Nb6 Rf8 28. Bf1 Qb8 29. Nxc8 Rfxc8 30. Qd2 Qb7 31. Rb2 Bd8 32. Rbc2 Qb8 33. Qd1 Qb7 34. Bd3 Qb8 35. g4 hxg4 36. fxg4 Nh7 37. g5 Qb7 38. Qg4 Ndf8 39. h5 Rc4 40. Bxc4 Rxc4 41. Na2 1-0

[Event "Zadar op-B 21th"]
[Site "Zadar"]
[Date "2014.12.15"]
[Round "2"]
[White "Vidic, Teja"]
[Black "Stipic, Marko"]
[Result "1/2-1/2"]
[WhiteElo "2015"]
[BlackElo "2195"]
[PlyCount "94"]
[EventDate "2014.12.14"]
[EventType "swiss"]
[EventRounds "9"]
[EventCountry "CRO"]
[SourceTitle "EXT 2016"]
[Source "ChessBase"]
[SourceDate "2015.10.08"]
[SourceVersion "1"]
[SourceVersionDate "2015.10.08"]
[SourceQuality "1"]

1. e4 d6 2. d4 Nf6 3. Nc3 c6 4. f4 Bg4 5. Qd3 d5 6. e5 Ng8 7. h3 Bd7 8. Nf3 e6 9. Be3 h5 10. 0-0-0 Ne7 11. Nh4 g6 12. Be2 Qa5 13. Rdf1 Na6 14. Kb1 0-0-0 15. g4 hxg4 16. hxg4 c5 17. Nf5 exf5 18. Rxh8 fxg4 19. dxc5 Nxc5 20. Qd2 d4 21. Nb5 Qxd2 22. Nd6+ Kc7 23. Bxd2 Be6 24. Bb4 b6 25. Rh7 Nd5 26. Bxc5 bxc5 27. Nxf7 Rd7 28. Ng5 Bf5 29. Rxd7+ Kxd7 30. Bd3 Be7 31. Be4 Ne3 32. Rh1 Bxg5 33. Bxf5+ Nxf5 34. fxg5 Ke6 35. Kc1 Kxe5 36. Rf1 g3 37. Kd2 g2 38. Rg1 Nh4 39. Ke2 Kf4 40. Kf2 Kg4 41. Rd1 Kh3 42. Rd3+ Kh2 43. Rg3 c4 44. Rg4 Kh3 45. Rg3+ Kh2 46. Rg4 Kh3 47. Rg3+ Kh2 1/2-1/2

[Event "CRO-chT1B"]
[Site "Bol"]
[Date "2014.10.12"]
[Round "9.4"]
[White "Stipic, Marko"]
[Black "Marinkovic, Milan"]
[Result "1/2-1/2"]
[WhiteElo "2191"]
[BlackElo "2197"]
[PlyCount "61"]
[EventDate "2014.10.04"]
[EventType "team-tourn"]
[EventRounds "9"]
[EventCountry "CRO"]
[SourceTitle "CBM 162 Extra"]
[Source "ChessBase"]
[SourceDate "2014.10.17"]
[SourceVersion "1"]
[SourceVersionDate "2014.10.17"]
[SourceQuality "1"]
[WhiteTeam "Zadar"]
[BlackTeam "Vukovar Slaven"]
[WhiteTeamCountry "CRO"]
[BlackTeamCountry "CRO"]

1. d4 Nf6 2. c4 e6 3. Nc3 Bb4 4. e3 0-0 5. Nge2 Ne4 6. Qc2 f5 7. f3 Nxc3 8. Nxc3 b6 9. Bd3 Bb7 10. 0-0 d6 11. a3 Bxc3 12. Qxc3 Nd7 13. e4 fxe4 14. Bxe4 Bxe4 15. fxe4 Qe7 16. Be3 Rxf1+ 17. Rxf1 Rf8 18. Rxf8+ Qxf8 19. h3 Qe7 20. Qd3 e5 21. d5 Nc5 22. Bxc5 bxc5 23. b4 cxb4 24. axb4 Qd8 25. c5 Qb8 26. cxd6 cxd6 27. Qc4 Qb7 28. Kf2 h6 29. Kf1 Kf7 30. Kf2 Ke7 31. Kf3 1/2-1/2

[Event "CRO-chT1B"]
[Site "Bol"]
[Date "2014.10.06"]
[Round "3.4"]
[White "Brnas, Augustin"]
[Black "Stipic, Marko"]
[Result "0-1"]
[WhiteElo "2295"]
[BlackElo "2191"]
[PlyCount "72"]
[EventDate "2014.10.04"]
[EventType "team-tourn"]
[EventRounds "9"]
[EventCountry "CRO"]
[SourceTitle "CBM 162 Extra"]
[Source "ChessBase"]
[SourceDate "2014.10.17"]
[SourceVersion "1"]
[SourceVersionDate "2014.10.17"]
[SourceQuality "1"]
[WhiteTeam "Dubrovnik"]
[BlackTeam "Zadar"]
[WhiteTeamCountry "CRO"]
[BlackTeamCountry "CRO"]

1. e4 d6 2. d4 Nf6 3. Nc3 c6 4. Nf3 Bg4 5. Be2 e6 6. 0-0 Be7 7. Be3 d5 8. e5 Nfd7 9. Nd2 Bxe2 10. Nxe2 c5 11. c3 Nc6 12. Nf4 cxd4 13. cxd4 Qb6 14. Qg4 g6 15. Nf3 0-0-0 16. Nd3 Kb8 17. h4 h5 18. Qg3 Rc8 19. Rfd1 Ka8 20. b4 Qd8 21. a3 Nb6 22. Nb2 a6 23. Rac1 Na7 24. Rxc8+ Qxc8 25. Rc1 Qd8 26. Bg5 Bxg5 27. Nxg5 Qe7 28. Qf4 Rf8 29. Rc3 Nb5 30. Rf3 Nc4 31. Nxc4 dxc4 32. a4 Nc7 33. b5 axb5 34. axb5 Nxb5 35. Qc1 c3 36. Qc2 Kb8 0-1

[Event "CRO-chT"]
[Site "Bol"]
[Date "2014.05.16"]
[Round "4.7"]
[White "Nikolic, Emil"]
[Black "Stipic, Marko"]
[Result "0-1"]
[WhiteElo "2153"]
[BlackElo "2165"]
[PlyCount "104"]
[EventDate "2014.05.14"]
[EventType "team-swiss"]
[EventRounds "6"]
[EventCountry "CRO"]
[SourceTitle "CBM 160 Extra"]
[Source "ChessBase"]
[SourceDate "2014.07.01"]
[SourceVersion "1"]
[SourceVersionDate "2014.07.01"]
[SourceQuality "1"]
[WhiteTeam "Sesvete"]
[BlackTeam "Zadar"]
[WhiteTeamCountry "CRO"]
[BlackTeamCountry "CRO"]

1. c4 f5 2. g3 Nf6 3. Bg2 c6 4. Nf3 d5 5. b3 e6 6. 0-0 Bd6 7. Bb2 Nbd7 8. d3 e5 9. e3 0-0 10. Ne1 Qe7 11. Nc3 dxc4 12. bxc4 Rd8 13. Qc2 Nf8 14. Nf3 Ng6 15. Rad1 h6 16. Rfe1 Be6 17. Ne2 Re8 18. d4 e4 19. Nd2 Qf7 20. Rc1 Rad8 21. a4 Bc8 22. Ra1 h5 23. Ba3 Bb8 24. Nf1 h4 25. Rec1 hxg3 26. hxg3 Nf8 27. Bb2 Qh5 28. d5 c5 29. Bxf6 gxf6 30. Nf4 Qh6 31. Rab1 Nh7 32. Qe2 Ng5 33. Qh5 Qxh5 34. Nxh5 Kf7 35. Nf4 Bc7 36. Rc2 Ba5 37. Nd2 b6 38. Nb3 Bb4 39. a5 Bb7 40. Ra1 Ra8 41. Kf1 Ba6 42. axb6 axb6 43. Ne2 b5 44. Rca2 bxc4 45. Nxc5 Bxc5 46. Rxa6 Rxa6 47. Rxa6 Rd8 48. Nf4 Nf3 49. Ke2 Rb8 50. Ra2 c3 51. Kd1 Ne1 52. Kxe1 Rb1+ 0-1

[Event "CRO-chT"]
[Site "Bol"]
[Date "2014.05.15"]
[Round "2.8"]
[White "Mufic, Goran"]
[Black "Stipic, Marko"]
[Result "0-1"]
[WhiteElo "2252"]
[BlackElo "2165"]
[PlyCount "78"]
[EventDate "2014.05.14"]
[EventType "team-swiss"]
[EventRounds "6"]
[EventCountry "CRO"]
[SourceTitle "CBM 160 Extra"]
[Source "ChessBase"]
[SourceDate "2014.07.01"]
[SourceVersion "1"]
[SourceVersionDate "2014.07.01"]
[SourceQuality "1"]
[WhiteTeam "Rijeka Junior"]
[BlackTeam "Zadar"]
[WhiteTeamCountry "CRO"]
[BlackTeamCountry "CRO"]

1. e4 d6 2. d4 e5 3. Nf3 Nc6 4. Bb5 exd4 5. Qxd4 Bd7 6. Bxc6 bxc6 7. Nc3 Ne7 8. 0-0 Ng6 9. Bd2 h6 10. Qc4 Be7 11. Nd4 c5 12. Nf5 0-0 13. Nxe7+ Nxe7 14. f4 Be6 15. Qe2 f6 16. f5 Bf7 17. Qg4 Kh7 18. Rf3 Rg8 19. Rh3 Qf8 20. e5 dxe5 21. Ne4 Nd5 22. c4 Nf4 23. Bxf4 exf4 24. b3 Rd8 25. Qxf4 Rd4 26. Qe3 Be8 27. Ng3 Qd6 28. Ne4 Qc6 29. Ng3 Bf7 30. Qe7 Rd7 31. Qe4 Qd6 32. Rf1 Re8 33. Qf3 Qd4+ 34. Kh1 Re3 35. Qf2 Qe5 36. Rh4 Rd4 37. Rf4 Be8 38. Kg1 Bc6 39. h3 Rdd3 0-1

[Event "CRO-chT2S"]
[Site "Makarska"]
[Date "2013.10.04"]
[Round "4.4"]
[White "Glavicic, Tino"]
[Black "Stipic, Marko"]
[Result "1/2-1/2"]
[WhiteElo "2016"]
[BlackElo "2194"]
[PlyCount "43"]
[EventDate "2013.04.05"]
[EventType "team-tourn"]
[EventRounds "9"]
[EventCountry "CRO"]
[SourceTitle "EXT 2014"]
[Source "ChessBase"]
[SourceDate "2013.11.20"]
[SourceVersion "1"]
[SourceVersionDate "2013.11.20"]
[SourceQuality "1"]
[WhiteTeam "Makarska"]
[BlackTeam "Zadar"]
[WhiteTeamCountry "CRO"]
[BlackTeamCountry "CRO"]

1. d4 d6 2. e4 Nf6 3. f3 c6 4. c4 e5 5. Nc3 Be7 6. dxe5 dxe5 7. Qxd8+ Kxd8 8. Be3 Na6 9. 0-0-0+ Kc7 10. g3 Bc5 11. Bxc5 Nxc5 12. Bh3 a5 13. Kc2 Bxh3 14. Nxh3 Ne6 15. Ne2 Nd7 16. Rd3 Nb6 17. Kc3 Nc5 18. Rd2 Nca4+ 19. Kb3 Nc5+ 20. Kc3 Nca4+ 21. Kb3 Nc5+ 22. Kc3 1/2-1/2

[Event "Zadar op-B 19th"]
[Site "Zadar"]
[Date "2012.12.21"]
[Round "8"]
[White "Franciskovic, Borka"]
[Black "Stipic, Marko"]
[Result "1-0"]
[WhiteElo "2230"]
[BlackElo "2215"]
[PlyCount "87"]
[EventDate "2012.12.16"]
[EventType "swiss"]
[EventRounds "9"]
[EventCountry "CRO"]
[SourceTitle "EXT 2014"]
[Source "ChessBase"]
[SourceDate "2013.11.20"]
[SourceVersion "1"]
[SourceVersionDate "2013.11.20"]
[SourceQuality "1"]

1. c4 e6 2. Nc3 d5 3. d4 f5 4. cxd5 exd5 5. g3 Nf6 6. Bg2 c6 7. Nf3 Be7 8. 0-0 0-0 9. Bf4 Qe8 10. Rb1 Ne4 11. Qc1 Qh5 12. b4 g5 13. Bxb8 Rxb8 14. b5 Rf6 15. Nxe4 fxe4 16. Qxg5+ Qxg5 17. Nxg5 Bd7 18. bxc6 Rxc6 19. Nh3 Rc2 20. Nf4 Bc6 21. Rfc1 Rxc1+ 22. Rxc1 Bf6 23. e3 Kf7 24. f3 exf3 25. Bxf3 Rd8 26. h4 Be7 27. Kf2 Ke8 28. Ne6 Rd6 29. Ng7+ Kf7 30. Nf5 Rf6 31. Nxe7 Kxe7 32. g4 h6 33. Kg3 Re6 34. Rc3 a5 35. g5 hxg5 36. hxg5 b5 37. a3 Kf7 38. Rxc6 Rxc6 39. Bxd5+ Re6 40. Kf4 Ke7 41. Bxe6 Kxe6 42. Ke4 b4 43. axb4 a4 44. Kd3 1-0

[Event "Zadar op-B 19th"]
[Site "Zadar"]
[Date "2012.12.17"]
[Round "2"]
[White "Maroja, Slobodan"]
[Black "Stipic, Marko"]
[Result "0-1"]
[WhiteElo "2003"]
[BlackElo "2215"]
[PlyCount "56"]
[EventDate "2012.12.16"]
[EventType "swiss"]
[EventRounds "9"]
[EventCountry "CRO"]
[SourceTitle "EXT 2014"]
[Source "ChessBase"]
[SourceDate "2013.11.20"]
[SourceVersion "1"]
[SourceVersionDate "2013.11.20"]
[SourceQuality "1"]

1. e4 c5 2. Nf3 e6 3. Be2 Nc6 4. 0-0 Nf6 5. Nc3 d5 6. exd5 Nxd5 7. Ne4 Be7 8. d4 cxd4 9. Nxd4 0-0 10. Nxc6 bxc6 11. c4 Nf6 12. Qc2 Qc7 13. Be3 Nxe4 14. Qxe4 f5 15. Qc2 e5 16. f4 e4 17. c5 Be6 18. b3 Bf6 19. Rab1 Rad8 20. a4 Bd4 21. Bxd4 Rxd4 22. b4 Rfd8 23. Qc1 Rd2 24. Rb2 e3 25. Bc4 Qf7 26. Bxe6 Qxe6 27. Rb1 Qe4 28. Rf3 e2 0-1

[Event "CRO-chT2 1B League qual"]
[Site "Opatija"]
[Date "2012.11.25"]
[Round "2.1"]
[White "Tomasic, Roland"]
[Black "Stipic, Marko"]
[Result "1/2-1/2"]
[WhiteElo "2085"]
[BlackElo "2208"]
[PlyCount "77"]
[EventDate "2012.11.24"]
[EventType "team-tourn"]
[EventRounds "3"]
[EventCountry "CRO"]
[SourceTitle "EXT 2014"]
[Source "ChessBase"]
[SourceDate "2013.11.20"]
[SourceVersion "1"]
[SourceVersionDate "2013.11.20"]
[SourceQuality "1"]
[WhiteTeam "Strigova Stridon"]
[BlackTeam "Zadar"]
[WhiteTeamCountry "CRO"]
[BlackTeamCountry "CRO"]

1. e4 d6 2. d4 Nf6 3. Nc3 c6 4. f4 Qb6 5. e5 Nd5 6. Nxd5 cxd5 7. c3 Bf5 8. Nf3 e6 9. Be2 Nc6 10. 0-0 Be7 11. Kh1 0-0 12. Qe1 Be4 13. Nd2 Bc2 14. Qg3 Kh8 15. Bd3 Bxd3 16. Qxd3 Rae8 17. Nf3 Qa6 18. Qxa6 bxa6 19. Bd2 Rc8 20. Rae1 h5 21. g3 g6 22. Kg2 Kg7 23. Re2 Nb8 24. Rc1 Nd7 25. Be3 Nb6 26. b3 a5 27. Rec2 a4 28. c4 dxe5 29. c5 axb3 30. axb3 e4 31. Nd2 Nd7 32. Ra2 Nb8 33. Rxa7 Nc6 34. Ra4 Bf6 35. h3 Rb8 36. g4 hxg4 37. hxg4 Kg8 38. Rca1 Rb4 39. Rxb4 1/2-1/2

[Event "Zadar op-B 17th"]
[Site "Zadar"]
[Date "2010.12.13"]
[Round "3"]
[White "Svaljek, Radmila"]
[Black "Stipic, Marko"]
[Result "0-1"]
[WhiteElo "2009"]
[BlackElo "2226"]
[PlyCount "64"]
[EventDate "2010.12.12"]
[EventType "swiss"]
[EventRounds "9"]
[EventCountry "CRO"]
[SourceTitle "CBM 139 Extra"]
[Source "ChessBase"]
[SourceDate "2011.01.05"]
[SourceVersion "1"]
[SourceVersionDate "2011.01.05"]
[SourceQuality "1"]

1. d4 d6 2. Nf3 f5 3. c3 Nf6 4. Qb3 e6 5. e3 Nc6 6. Ng5 Qd7 7. Bc4 Nd8 8. Bb5 c6 9. Bd3 d5 10. Nd2 h6 11. Ngf3 Bd6 12. 0-0 Nf7 13. Nh4 g5 14. Nhf3 Qc7 15. c4 Bd7 16. cxd5 exd5 17. Kh1 Ne4 18. Qc2 h5 19. Nb3 b6 20. Re1 h4 21. Ne5 Nxe5 22. dxe5 Bxe5 23. f3 Bxh2 24. fxe4 Bg3 25. Qc3 0-0-0 26. Rf1 h3 27. exf5 hxg2+ 28. Kxg2 Rh2+ 29. Kf3 Be8 30. e4 Bf4 31. exd5 Bh5+ 32. Ke4 cxd5+ 0-1

[Event "Zadar op-B 16th"]
[Site "Zadar"]
[Date "2009.12.15"]
[Round "4"]
[White "Stipic, Marko"]
[Black "Saric, Kristina"]
[Result "0-1"]
[WhiteElo "2212"]
[BlackElo "2190"]
[PlyCount "52"]
[EventDate "2009.12.13"]
[EventType "swiss"]
[EventRounds "9"]
[EventCountry "CRO"]
[SourceTitle "CBM 133 Extra"]
[Source "ChessBase"]
[SourceDate "2010.01.05"]
[SourceVersion "1"]
[SourceVersionDate "2010.01.05"]
[SourceQuality "1"]

1. g3 e5 2. Bg2 d5 3. Nf3 Bd6 4. 0-0 Nf6 5. d3 Be6 6. Nc3 c6 7. e4 d4 8. Ne2 Bg4 9. Nh4 c5 10. f3 Bd7 11. f4 Nc6 12. Nf3 Qc7 13. c3 Bg4 14. cxd4 cxd4 15. Bd2 0-0 16. a3 Qb6 17. fxe5 Nxe5 18. Nxe5 Bxe5 19. b4 Rac8 20. Rc1 Qa6 21. Rxc8 Rxc8 22. Bc1 Rc3 23. Bf3 Rxd3 24. Qc2 Bd7 25. Kg2 h6 26. Nf4 Rc3 0-1

[Event "Zadar op-B 16th"]
[Site "Zadar"]
[Date "2009.12.14"]
[Round "3"]
[White "Soric, Romeo"]
[Black "Stipic, Marko"]
[Result "1/2-1/2"]
[WhiteElo "2153"]
[BlackElo "2212"]
[PlyCount "27"]
[EventDate "2009.12.13"]
[EventType "swiss"]
[EventRounds "9"]
[EventCountry "CRO"]
[SourceTitle "CBM 133 Extra"]
[Source "ChessBase"]
[SourceDate "2010.01.05"]
[SourceVersion "1"]
[SourceVersionDate "2010.01.05"]
[SourceQuality "1"]

1. Nf3 d6 2. g3 e5 3. d3 f5 4. Nc3 Nf6 5. e4 Be7 6. Bg2 0-0 7. 0-0 Nc6 8. h3 Bd7 9. Be3 h6 10. Nh4 f4 11. Bd2 g5 12. Nf5 Bxf5 13. exf5 Kg7 14. g4 1/2-1/2

[Event "CRO-chT1B 18th"]
[Site "Sibenik"]
[Date "2009.09.25"]
[Round "5"]
[White "Vlaic, Branko"]
[Black "Stipic, Marko"]
[Result "1-0"]
[WhiteElo "2277"]
[BlackElo "2223"]
[PlyCount "61"]
[EventDate "2009.09.21"]
[EventType "team-tourn"]
[EventRounds "9"]
[EventCountry "CRO"]
[SourceTitle "EXT 2010"]
[Source "ChessBase"]
[SourceDate "2010.11.25"]
[SourceVersion "1"]
[SourceVersionDate "2010.11.25"]
[SourceQuality "1"]

1. d4 d6 2. e4 Nf6 3. Nc3 c6 4. h3 Qc7 5. Nf3 e5 6. a4 Be7 7. Be3 0-0 8. Bc4 a5 9. 0-0 Nbd7 10. Ba2 h6 11. Qe2 Re8 12. Qc4 Rf8 13. Rad1 b6 14. Qb3 Nh7 15. Rfe1 Rb8 16. Qc4 Qb7 17. Qe2 Re8 18. Nd2 Nhf6 19. f4 b5 20. axb5 cxb5 21. Nd5 Bd8 22. dxe5 dxe5 23. Qf3 Nxd5 24. Bxd5 Qc7 25. fxe5 Nxe5 26. Qg3 Qd6 27. Nc4 Qg6 28. Qxg6 Nxg6 29. Nd6 Re7 30. Bxf7+ Rxf7 31. Nxf7 1-0

[Event "CRO-Cup 18th"]
[Site "Sibenik"]
[Date "2009.05.21"]
[Round "2"]
[White "Stipic, Marko"]
[Black "Krstic, Uros"]
[Result "0-1"]
[WhiteElo "2216"]
[BlackElo "2376"]
[PlyCount "92"]
[EventDate "2009.05.20"]
[EventType "team-tourn"]
[EventRounds "5"]
[EventCountry "CRO"]
[SourceTitle "CBM 130 Extra"]
[Source "ChessBase"]
[SourceDate "2009.07.02"]
[SourceVersion "2"]
[SourceVersionDate "2009.07.15"]
[SourceQuality "1"]

1. d3 e5 2. Nf3 Nc6 3. g3 Bc5 4. Bg2 Nge7 5. 0-0 d6 6. c3 a6 7. d4 Ba7 8. dxe5 dxe5 9. Qxd8+ Kxd8 10. e4 f6 11. Ne1 Be6 12. Nc2 Kc8 13. Rd1 Bg4 14. Rd3 Na5 15. b3 Rd8 16. Rxd8+ Kxd8 17. Be3 c5 18. Nd2 Nc8 19. Bf3 Be6 20. Rd1 Ke7 21. Nf1 Nd6 22. Bc1 Nb5 23. Bb2 Rd8 24. Rxd8 Kxd8 25. Nfe3 Kc7 26. Nd5+ Bxd5 27. exd5 Nd6 28. g4 b5 29. Ne3 c4 30. b4 Nab7 31. Bc1 g6 32. Kg2 Nc8 33. Be4 Ne7 34. f4 exf4 35. Nd1 g5 36. Bxh7 Nd6 37. h4 Kd7 38. h5 Ke8 39. Kf3 Nxd5 40. Bd2 Kf8 41. Nf2 Bxf2 42. Kxf2 Ne7 43. Be1 Nc6 44. Kg2 Ne5 45. Kh3 Kg7 46. Bc2 Nd3 0-1

[Event "Zadar op"]
[Site "Zadar"]
[Date "2004.12.16"]
[Round "5"]
[White "Vranjic, Marko"]
[Black "Stipic, Marko"]
[Result "0-1"]
[WhiteElo "1805"]
[BlackElo "2222"]
[PlyCount "66"]
[EventDate "2004.12.13"]
[EventType "swiss"]
[EventRounds "9"]
[EventCountry "CRO"]
[SourceTitle "CBM 103 Extra"]
[Source "ChessBase"]
[SourceDate "2005.01.01"]
[SourceVersion "1"]
[SourceVersionDate "2005.01.01"]
[SourceQuality "1"]

1. e4 c5 2. Nf3 e6 3. d4 cxd4 4. Nxd4 Nf6 5. Nc3 Bb4 6. e5 Nd5 7. Bd2 Nxc3 8. bxc3 Bf8 9. Bd3 Nc6 10. Nxc6 bxc6 11. 0-0 Qc7 12. f4 Bc5+ 13. Kh1 g6 14. Qe1 h5 15. Rb1 Kf8 16. Be3 Be7 17. Qf2 Qa5 18. Be4 Kg7 19. Qd2 Rd8 20. Rb3 Ba6 21. Ra1 Bc4 22. Rb7 Bd5 23. Bxd5 cxd5 24. Bd4 Qa6 25. Rb3 Rdc8 26. Qe3 Rc7 27. Qd3 Rc4 28. Qe3 Ra4 29. h3 Rxa2 30. Rab1 Rxc2 31. g4 hxg4 32. hxg4 Rh8+ 33. Kg1 Qa2 0-1